Hammarby IF Fotboll Squad 2020 Season - Statistics

General Stats
  • This quiz has been taken 103 times
  • The average score is 13 of 27
Answer Stats
Nbr Post Nationality Answer % Correct
- Manager Sweden Stefan Billborn
78%
13 Defender Denmark Mads Fenger
75%
6 Midfielder Sweden Darijan Bojanić
69%
1 GK Denmark David Ousted
69%
8 Midfielder Denmark Jeppe Andersen
69%
2 Defender Sweden Simon Sandberg
68%
11 Midfielder Montenegro Vladimir Rodić
66%
4 Defender Sweden Richard Magyar
63%
33 Midfielder Nigeria Akinkunmi Amoo
61%
9 Forward Brazil Paulinho
58%
25 GK Sweden Davor Blazević
56%
16 Forward Sweden Gustav Ludwigson
53%
22 Midfielder Sweden Muamer Tanković
51%
24 GK Sweden Oliver Nnonyelu Dovin
51%
23 Forward USA Aron Jóhannsson
49%
3 Defender Sweden Dennis Widgren
42%
5 Defender Sweden David Fällman
41%
17 Midfielder Sweden Abdul Khalili
37%
7 Midfielder Sweden Imad Khalili
37%
20 Midfielder Sweden Alexander Kačaniklić
36%
30 Defender Sweden Mohanad Jeahze
34%
31 Midfielder Sweden Aimar Sher
31%
26 Defender Sweden Kalle Björklund
22%
19 Midfielder Gabon Serge-Junior Martinsson Ngouali
22%
14 Midfielder Sweden Tim Söderström
20%
18 Forward Sweden Filston Mawana
12%
21 Defender Sweden Oscar Krusnell
10%
No matching quizzes found
Score Distribution
Percent of People with Each Score
Percentile by Number Answered
Your Score History
You have not taken this quiz